banner koha

Utilizacao de especies de Eucalyptus nas etapas iniciais de reflorestamentos protetores (Registro n. 333023)

MARC details
000 -LÍDER
campo de controle de tamanho fixo 00985naa a22002777a 4500
001 - NÚMERO DE CONTROLE
campo de controle BR7703579
003 - IDENTIFICADOR DO NÚMERO DE CONTROLE
campo de controle BR-BrBNA
005 - DATA E HORÁRIO DA ÚLTIMA TRANSAÇÃO
campo de controle 20250714141740.0
007 - CAMPO FIXO DE DESCRIÇÃO FÍSICA--INFORMAÇÃO GERAL
campo de controle de tamanho fixo ta
008 - CAMPO DE DADOS FIXOS--INFORMAÇÃO GERAL
campo de controle de tamanho fixo 250630b bl.|||m| |||| 00| 0 por d
040 ## - FONTE DA CATALOGAÇÃO
Instituição da catalogação original BR-BrBNA
Idioma da catalogação por
Instituição que transcreveu o registro Biblioteca Nacional de Agricultura
041 ## - CÓDIGO DE IDIOMA
Código do idioma do texto/trilha sonora ou título diferente (Pt)
072 ## - CÓDIGO DE CATEGORIA DE ASSUNTO
Código de Categoria de Assunto K10
Código do objeto 3240
090 ## - NÚMERO DE CHAMADA LOCAL
Número de chamada K10 BR7703579
100 1# - ENTRADA PRINCIPAL--NOME PESSOAL
Nome pessoal Arruda Junior, G.P. de
111 1# - ENTRADA PRINCIPAL--NOME DO EVENTO
Nome do evento ou lugar 9. Congresso Brasileiro de Engenharia Sanitaria
Local do evento Belo Horizonte, MG (Brazil)
Data do evento ou assinatura do tratado Jul 1977
245 1# - TÍTULO
Título Utilizacao de especies de Eucalyptus nas etapas iniciais de reflorestamentos protetores
490 ## - TÍTULO DA SÉRIE
Título da série Cadernos FEEMA. Serie Tecnica (Brazil)
Número do volume ou designação sequencial da série no. 2
500 ## - NOTA GERAL
Nota geral Meio ambiente. Varios estudos<br/>Rio de Janeiro, RJ (Brasil): 1977. p. 97-100 [19 ref.; Summaries (En, Pt)]<br/>(BR7703579-AMS)<br/>
650 ## - ASSUNTO--TERMO TÓPICO
Cabeçalho tópico ou nome geográfico Producao florestal
650 ## - ASSUNTO--TERMO TÓPICO
Cabeçalho tópico ou nome geográfico Eucalipto
650 ## - ASSUNTO--TERMO TÓPICO
Cabeçalho tópico ou nome geográfico Reflorestamento
650 ## - ASSUNTO--TERMO TÓPICO
Cabeçalho tópico ou nome geográfico Conservacao do solo
942 ## - ELEMENTOS DE ENTRADA ADICIONADOS (KOHA)
Tipo de material Koha Analítica de Monografia Seriada
Fonte da classificação ou esquema de arquivamento na estante Classificação AGRIS
909 ## -
-- 202506
-- Lúcia
-- 55
-- Lúcia Elande
Exemplares
Situação do descarte Fonte da classificação ou esquema de arquivamento na estante Situação física Não pode ser emprestado Coleção Biblioteca de origem Biblioteca atual Total de empréstimos Data de último acesso Número do exemplar Tipo de material Koha Situação das perdas Data de aquisição Fonte de aquisição
  Classificação AGRIS       Biblioteca Nacional de Agricultura - Binagri Biblioteca Nacional de Agricultura - Binagri   30/06/2025 01 Analítica de Monografia Seriada   2025-06-30 Portaria Interministerial nº 164/94

BINAGRI

Telefone: (61)3218-2567/2388/3357/2097 - binagri@agro.gov.br

Ministério da Agricultura e Pecuária , Esplanada dos Ministérios, Bloco D, Anexo B, Brasília/DF, CEP: 70.043-900